000 02705nam2a2200325 4500
001 RU\NLR\PER_A\012091206_000150
005 20250624032646.0
035 _a(NLR Aleph) 012428964
090 _a11865080
_c11865080
100 _a20201229d2020 |||y0rusy50 ca
101 0 _arus
_deng
102 _aRU
200 1 _aСборник статей II ежегодной межвузовской научно-практической конференции "Развитие систем жизнеобеспечения, энергосбережение и охрана окружающей среды", [29 мая 2020 г.]
210 _d2020
_aБ. м.
215 _a274 с.
_cил.
_d21
300 _aРез. на англ. яз.
313 _a1-я конф. 2019
320 _aБиблиогр. в конце ст.
461 0 _1001RU\NLR\BIBL_A\012091206
_12001#$aАктуальные проблемы военно-научных исследований$eсборник научных трудов$fВоен. акад. матер.-техн. обеспечения, Воен. ин-т (инж.-техн.) ВА МТО (Воен. академии матер.-техн. обеспечения им. А.В. Хрулева) [и др.]$vВып. 8 (9) (спец. вып.)
_911855569
_cСанкт-Петербург
_d2019 -
_fВоен. акад. матер.-техн. обеспечения, Воен. ин-т (инж.-техн.) ВА МТО (Воен. академии матер.-техн. обеспечения им. А.В. Хрулева) [и др.]
_nВИ (ИТ) ВА МТО
_oсборник научных трудов
_tАктуальные проблемы военно-научных исследований
_x2658-7009
_vВып. 8 (9) (спец. вып.)
606 1 _aЭлектрическая энергия
_jСборники
_xЭкономия
_91357406
_3RU\NLR\AUTH\66567551
606 1 _aСпециальные сооружения военного назначения
_jСборники
_xСистемы жизнеобеспечения
_92198704
_3RU\NLR\AUTH\6601556426
606 1 _aЭлектрические установки в военно-инженерном деле
_jСборники
_91958253
_3RU\NLR\AUTH\661183800
686 1 _aЦ715-4я43
686 1 _aЦ561.28я43
710 1 2 _a"Развитие систем жизнеобеспечения, энергосбережение и охрана окружающей среды", межвузовская научно-практическая конференция
_d2
_eСанкт-Петербург
_f2020
_9729837
_3RU\NLR\AUTH\880533633
852 _aNLR
_jП10/7830
942 _cISSUE
980 _aNB
980 _aRUSPER